Historia de la literatura hispanoamericana (Record no. 3429)

MARC details
000 -LEADER
campo de control de longitud fija 01085nmc a2200397 a 4500
003 - IDENTIFICADOR DE NÚMERO DE CONTROL
campo de control AR-BaBNM
005 - FECHA Y HORA DE LA ÚLTIMA TRANSACCIÓN
campo de control 20251128203440.0
008 - DATOS DE LONGITUD FIJA--INFORMACIÓN GENERAL
campo de control de longitud fija 087019s1967 ||||||||||||||000 | spa||
040 ## - FUENTE DE CATALOGACIÓN
Centro/agencia transcriptor AR-BaBNM
100 1# - ENTRADA PRINCIPAL--NOMBRE DE PERSONA
Nombre de persona Anderson Imbert, Enrique
245 10 - MENCIÓN DEL TÍTULO
Título Historia de la literatura hispanoamericana
Resto del título la colonia : cien años de república. 1
250 ## - MENCION DE EDICION
Mención de edición 6ª ed.
260 ## - PUBLICACIÓN, DISTRIBUCIÓN, ETC.
Lugar de publicación, distribución, etc. México, D.F.
Nombre del editor, distribuidor, etc. Fondo de Cultura Económica
Fecha de publicación, distribución, etc. 1967
300 ## - DESCRIPCIÓN FÍSICA
Extensión 473 p.
490 #0 - MENCIÓN DE SERIE
Mención de serie Breviarios
Designación de volumen o secuencia v. 89
500 ## - NOTA GENERAL
Nota general Contiene índice de autores en p. 443
650 #4 - PUNTO DE ACCESO ADICIONAL DE MATERIA--TÉRMINO DE MATERIA
Término de materia o nombre geográfico como elemento de entrada ROMANTICISMO
650 #4 - PUNTO DE ACCESO ADICIONAL DE MATERIA--TÉRMINO DE MATERIA
Término de materia o nombre geográfico como elemento de entrada CRITICA LITERARIA
650 #4 - PUNTO DE ACCESO ADICIONAL DE MATERIA--TÉRMINO DE MATERIA
Término de materia o nombre geográfico como elemento de entrada LITERATURA LATINOAMERICANA
650 #4 - PUNTO DE ACCESO ADICIONAL DE MATERIA--TÉRMINO DE MATERIA
Término de materia o nombre geográfico como elemento de entrada HISTORIA LITERARIA
650 #4 - PUNTO DE ACCESO ADICIONAL DE MATERIA--TÉRMINO DE MATERIA
Término de materia o nombre geográfico como elemento de entrada REFORMA RELIGIOSA
650 #4 - PUNTO DE ACCESO ADICIONAL DE MATERIA--TÉRMINO DE MATERIA
Término de materia o nombre geográfico como elemento de entrada CATOLICISMO
650 #4 - PUNTO DE ACCESO ADICIONAL DE MATERIA--TÉRMINO DE MATERIA
Término de materia o nombre geográfico como elemento de entrada RENACIMIENTO
650 #4 - PUNTO DE ACCESO ADICIONAL DE MATERIA--TÉRMINO DE MATERIA
Término de materia o nombre geográfico como elemento de entrada CLASICISMO
653 ## - TÉRMINO DE INDIZACIÓN--NO CONTROLADO
Término no controlado DESCUBRIMIENTO DE AMERICA
653 ## - TÉRMINO DE INDIZACIÓN--NO CONTROLADO
Término no controlado CRONICAS
653 ## - TÉRMINO DE INDIZACIÓN--NO CONTROLADO
Término no controlado BARROCO
653 ## - TÉRMINO DE INDIZACIÓN--NO CONTROLADO
Término no controlado ILUSTRACION
653 ## - TÉRMINO DE INDIZACIÓN--NO CONTROLADO
Término no controlado NEOCLASICISMO
653 ## - TÉRMINO DE INDIZACIÓN--NO CONTROLADO
Término no controlado PARNASIANISMO
653 ## - TÉRMINO DE INDIZACIÓN--NO CONTROLADO
Término no controlado MODERNISMO
653 ## - TÉRMINO DE INDIZACIÓN--NO CONTROLADO
Término no controlado NATURALISMO
655 ## - TERMINO DE INDIZACIÓN--GENERO/FORMA
Datos o término principal de género/forma LITERATURA
942 ## - ELEMENTOS DE ENTRADA SECUNDARIOS (KOHA)
Tipo de ítem Koha Libros
998 ## - INFORMACIÓN DE CONTROL LOCAL (RLIN)
Iniciales del catalogador, CIN (RLIN) MARTIN
Holdings
Estatus retirado Estado de pérdida Fuente de la clasificación o esquema de estantería Estado de daño No para préstamo Biblioteca de origen Biblioteca actual Fecha de adquisición Total de préstamos Signatura topográfica completa Código de barras Visto por última vez Precio de reemplazo Tipo de ítem Koha
    Clasificación Decimal Dewey     Liberty Liberty 28/11/2025   860[7/8] AND 1 059076 28/11/2025 28/11/2025 Libros
    Clasificación Decimal Dewey     Liberty Liberty 28/11/2025   860[7/8] AND 1 059077 28/11/2025 28/11/2025 Libros
    Clasificación Decimal Dewey     Liberty Liberty 28/11/2025   860[7/8] AND 1 059079 28/11/2025 28/11/2025 Libros